000 01025nas a2200361 4500
001 BR0701288
003 BR-BrBNA
005 20231205110633.0
007 ta
008 230509b bl.|||p| |||| 00| 00por d
040 _aBR-BrBNA
_bpor
_cBiblioteca Nacional de Agricultura
041 _a(Pt)
072 _aF04; P33; P36
100 1 _aBertol, O.J.
100 1 _aRizzi, N.E.
100 1 _aFavaretto, N.
100 1 _aLavoranti, O.J.
245 1 _aPerdas de nitrogênio via superfície e subsuperfície em sistema de semeadura direta
650 _aADUBAÇÃO
650 _aADUBO ORGÂNICO
650 _aADUBO NITROGENADO
650 _aPLANTIO DIRETO
650 _aPERDA
650 _aNITROGÊNIO
650 _aENXURRADA
650 _aLIXIVIAÇÃO
650 _aPERMEABILIDADE
650 _aQUALIDADE DA ÁGUA
650 _aPARANÁ
773 0 _tFloresta (Brazil)
_xISSN 0015-3826
_g(Sep-Dec 2005), v. 35(3) p. 429-442
_wBR0701288
909 _a202311
_bLúcia
_c55
_dLúcia Elande
942 _2AGRIS
_n0
_cANA
999 _c188296
_d188296